000
00274nam a22001337a 4500
999
_c
166694
_d
166694
082
_a
_b
100
_a
Gopal Singh
245
_a
A geography of India/
_c
by Gopal Singh.
260
_a
_b
Atma Ram,
_c
1998.
300
_a
568p.
600
_a
650
_a
942
_c
BK